Online
Catalog

Gilberte / (Record no. 18721)

MARC details
000 -CABECERA
campo de control de longitud fija 00724nam a2200217 a 4500
001 - NÚMERO DE CONTROL
campo de control 000019203
005 - FECHA Y HORA DE LA ÚLTIMA TRANSACCIÓN
campo de control 20200929165941.0
008 - DATOS DE LONGITUD FIJA--INFORMACIÓN GENERAL
campo de control de longitud fija 821217s1963 fr 000 0 fre
040 ## - FUENTE DE LA CATALOGACIÓN
Centro catalogador/agencia de origen DO-SdBNP
Centro/agencia transcriptor CarP
Centro/agencia modificador DLC
-- BNPHU
082 ## - NÚMERO DE LA CLASIFICACIÓN DECIMAL DEWEY
Número de clasificación 928
Número de documento/Ítem R773G
049 ## - FONDOS LOCALES (OCLC)
Fondos de biblioteca BNGR
100 1# - ENTRADA PRINCIPAL--NOMBRE DE PERSONA
Nombre de persona Rongier, Gilberte,
Fechas asociadas al nombre 1921-1960.
9 (RLIN) 41318
245 10 - MENCIÓN DE TÍTULO
Título Gilberte /
Mención de responsabilidad, etc. Gilberte Rongier ; Avant-propos d'Étienne Lalou.
260 ## - PUBLICACIÓN, DISTRIBUCIÓN, ETC.
Lugar de publicación, distribución, etc. París :
Nombre del editor, distribuidor, etc. Bernard Grasset,
Fecha de publicación, distribución, etc. 1963.
300 ## - DESCRIPCIÓN FÍSICA
Extensión 238 p. ;
Dimensiones 19 cm.
500 ## - NOTA GENERAL
Nota general Incluye notas al pie de las páginas.
600 04 - PUNTO DE ACCESO ADICIONAL DE MATERIA--NOMBRE DE PERSONA
Nombre de persona RONGIER, GILBERTE,
Fechas asociadas al nombre 1921-1960,
Subdivisión general BIOGRAFÍA
9 (RLIN) 41319
650 #4 - PUNTO DE ACCESO ADICIONAL DE MATERIA--TÉRMINO DE MATERIA
Término de materia o nombre geográfico como elemento de entrada Cronología histórica
9 (RLIN) 33821
700 1# - PUNTO DE ACCESO ADICIONAL--NOMBRE DE PERSONA
Nombre de persona Lalou, Etienne,
Fechas asociadas al nombre 1918-
9 (RLIN) 41320
910 ## - DATOS DE OPCIÓN DEL USUARIO (OCLC)
Datos de opción del usuario Catalogación derivada /Oxford
Holdings
Estado de retiro Estado de pérdida Restricciones de uso No para préstamo Código de colección Localización permanente Ubicación/localización actual Ubicación en estantería Fecha de adquisición Número de inventario Total de préstamos Signatura topográfica completa Código de barras Fecha visto por última vez Precio válido a partir de Tipo de ítem Koha
      Excluido de préstamo Monografías: Libros y Folletos General General En catalogación 28.05.2010 LF1   928 R773G 19203-10 25.06.2020 25.06.2020 No se presta

Powered by Koha